Flycatchers of North America - Statistics

General Stats
  • This quiz has been taken 11 times
  • The average score is 24 of 35
Answer Stats
Picture Answer % Correct
Eastern Phoebe
100%
Great Crested Flycatcher
100%
Black Phoebe
89%
Eastern Kingbird
89%
Olive-Sided Flycatcher
89%
Say's Phoebe
89%
Vermillion Flycatcher
89%
Alder Flycatcher
78%
Ash-Throated Flycatcher
78%
Great Kiskadee
78%
Scissor-Tailed Flycatcher
78%
Sulphur-Bellied Flycatcher
78%
Western Wood-Pewee
78%
Willow Flycatcher
78%
Yellow-Bellied Flycatcher
78%
Eastern Wood-Pewee
67%
Least Flycatcher
67%
Rose-Throated Becard
67%
Tropical Kingbird
67%
Western Flycatcher
67%
Western Kingbird
67%
Buff-Breasted Flycatcher
56%
Cassin's Kingbird
56%
Couch's Kingbird
56%
Dusky Flycatcher
56%
Gray Flycatcher
56%
Gray Kingbird
56%
Greater Pewee
56%
Hammond's Flycatcher
56%
Thick-Billed Kingbird
56%
Fork-Tailed Flycatcher
44%
Northern Beardless-Tyrannulet
44%
Acadian Flycatcher
33%
Brown-Crested Flycatcher
33%
Dusky-Capped Flycatcher
33%
No matching quizzes found
Score Distribution
Percent of People with Each Score
Percentile by Number Answered
Your Score History
You have not taken this quiz